| 000 | 01405cam a2200409 a 4500 | ||
|---|---|---|---|
| 001 | 21726 | ||
| 003 | VRT | ||
| 005 | 20260309103522.0 | ||
| 008 | 240315s1991 xo a b 000 j slo | ||
| 015 | _aSNBA1991/11 | ||
| 020 | _a8071140244 | ||
| 035 | _aSNK000009020 | ||
| 035 | _aurn:nbn:sk:snk-amlhav | ||
| 035 | _aurn:nbn:sk:snk-am00bm9g | ||
| 035 | _a533893BA-657E-4956-BF8F-0F9CD32181C3 | ||
| 039 | 9 |
_a202501311234 _bcsnk01 _c202501311230 _dcsnk01 _c202501311229 _dcsnk01 _c202501311229 _dcsnk01 |
|
| 040 |
_aSNK _bslo _cSNK _eAACR2 |
||
| 041 | 0 | _aslo | |
| 044 |
_axo _cSK |
||
| 100 | 1 |
_aHabovštiak, Anton, _d1924-2004 _4aut |
|
| 245 | 1 |
_aPoklad nad všetky poklady _cAnton Habovštiak |
|
| 250 | _a1. vyd. | ||
| 260 |
_aBratislava _bLúč _c1991 |
||
| 300 |
_a112 s. _c29 cm |
||
| 655 | 7 |
_aslovenské rozprávky _2SNKPH |
|
| 655 | 7 |
_aautorské rozprávky _2SNKPH |
|
| 655 | 7 |
_alitertaúra pre deti _2SNKPH |
|
| 700 | 1 |
_aOndreička, Karol, _d1944-2003 _4ill |
|
| 942 |
_2ddc _cKLDE _n0 |
||
| 949 |
_617A0107927 _9P60, <05>, [BOOK], {605} _asnkSB 48654 D1 |
||
| 949 |
_6273K0526774 _asvkpoC 51027 _bsvkpo531854 |
||
| 949 |
_63830001090971 _akurukT18/HABO1-11 _bkuruk2014/F1223 _oD2014/Majda, farár Turany |
||
| 949 |
_63870A04538 _abinIL 0217 _bbin4538 |
||
| 949 |
_617A0807514 _asnkSB 48654 _s6100:20160606 |
||
| 949 |
_63870A03995 _abinAU 227 _bbin3995 |
||
| 999 |
_c21726 _d21726 |
||